| 000 | 00532nam a22001937a 4500 | ||
|---|---|---|---|
| 003 | OSt | ||
| 005 | 20180116183030.0 | ||
| 008 | 151218b xxu||||| |||| 00| 0 eng d | ||
| 020 | _a03-770-95-1 | ||
| 024 | _203-770-95-1 | ||
| 040 | _cLahore LUMS | ||
| 082 | _a174.4 LUM 1995 | ||
| 100 | _aRana A I | ||
| 245 |
_aEMCO TILES: THE INCENTIVE PLAN _cRana A I |
||
| 260 |
_aLahore LUMS _b Lahore University of Management Sciences _c1995 |
||
| 300 |
_a18 p. _bPapers |
||
| 440 | _aEMCO TILES: THE INCENTIVE PLAN | ||
| 942 |
_2ddc _cCS |
||
| 999 |
_c350957 _d350957 |
||